| 000 | 00340nam a22001337a 4500 | ||
|---|---|---|---|
| 020 | _qPB. | ||
| 040 | _cFIZZA ISHAQ | ||
| 082 |
_a891.7 _bCHO |
||
| 100 |
_aCholokhov, Mikhail. _9133788 |
||
| 245 |
_aLe Don paisible / _c Mikhail Cholokhov. |
||
| 260 |
_aFrance: _bJulliard, _c1959. |
||
| 300 |
_a329 P. ; _c7.5 X 5.5 inches |
||
| 942 |
_2ddc _cBK |
||
| 999 |
_c616748 _d616748 |
||